<?xml version="1.0" encoding="UTF-8"?>
<record
    xmlns:xsi="http://www.w3.org/2001/XMLSchema-instance"
    xsi:schemaLocation="http://www.loc.gov/MARC21/slim http://www.loc.gov/standards/marcxml/schema/MARC21slim.xsd"
    xmlns="http://www.loc.gov/MARC21/slim">

  <leader>01956nam a22002177a 4500</leader>
  <controlfield tag="005">20240705150207.0</controlfield>
  <controlfield tag="008">240703b           ||||| |||| 00| 0 eng d</controlfield>
  <datafield tag="040" ind1=" " ind2=" ">
    <subfield code="c">AL</subfield>
  </datafield>
  <datafield tag="041" ind1=" " ind2=" ">
    <subfield code="a">Kannada</subfield>
  </datafield>
  <datafield tag="082" ind1=" " ind2=" ">
    <subfield code="2">23</subfield>
    <subfield code="a">321.80954K </subfield>
    <subfield code="b">NAGS</subfield>
  </datafield>
  <datafield tag="100" ind1=" " ind2=" ">
    <subfield code="a"> H N Nagamohana Das    &#xC8E;&#xC9A;&#xCCD; &#xC8E;&#xCA8;&#xCCD;  &#xCA8;&#xCBE;&#xC97;&#xCAE;&#xCCB;&#xCB9;&#xCA8; &#xCA6;&#xCBE;&#xCB8;&#xCCD; </subfield>
    <subfield code="9">172734</subfield>
  </datafield>
  <datafield tag="245" ind1=" " ind2=" ">
    <subfield code="a">Samvidhana Odu: Vidyarthi Yuva Janarigagi Kaipidi</subfield>
    <subfield code="b">&#xCB8;&#xC82;&#xCB5;&#xCBF;&#xCA7;&#xCBE;&#xCA8; &#xC93;&#xCA6;&#xCC1;:  &#xCB5;&#xCBF;&#xCA6;&#xCCD;&#xCAF;&#xCBE;&#xCB0;&#xCCD;&#xCA5;&#xCBF; &#xCAF;&#xCC1;&#xCB5;&#xC9C;&#xCA8;&#xCB0;&#xCBF;&#xC97;&#xCBE;&#xC97;&#xCBF;  &#xC95;&#xCC8;&#xCAA;&#xCBF;&#xCA1;&#xCBF;</subfield>
  </datafield>
  <datafield tag="260" ind1=" " ind2=" ">
    <subfield code="a">Kerekon</subfield>
    <subfield code="b">Sahayana</subfield>
    <subfield code="c">2022</subfield>
  </datafield>
  <datafield tag="300" ind1=" " ind2=" ">
    <subfield code="a">xviii,78 p.</subfield>
    <subfield code="b">PB</subfield>
    <subfield code="c">21x14 cm.</subfield>
  </datafield>
  <datafield tag="365" ind1=" " ind2=" ">
    <subfield code="b">&#x20B9;50.00</subfield>
    <subfield code="c">&#x20B9;</subfield>
    <subfield code="d">&#x20B9;50.00</subfield>
  </datafield>
  <datafield tag="520" ind1=" " ind2=" ">
    <subfield code="a">&#xCA8;&#xCBE;&#xCB5;&#xCC6;&#xCB2;&#xCCD;&#xCB2;&#xCB0;&#xCC2; &#xCA8;&#xCAE;&#xCCD;&#xCAE; &#xCB8;&#xC82;&#xCB5;&#xCBF;&#xCA7;&#xCBE;&#xCA8;&#xCB5;&#xCA8;&#xCCD;&#xCA8;&#xCC1; &#xC93;&#xCA6;&#xCAC;&#xCC7;&#xC95;&#xCC1;, &#xC85;&#xCB0;&#xCCD;&#xCA5;&#xCC8;&#xCB8;&#xCAC;&#xCC7;&#xC95;&#xCC1;. &#xCB8;&#xC82;&#xCB5;&#xCBF;&#xCA7;&#xCBE;&#xCA8;&#xCA6; &#xCAE;&#xCC2;&#xCB2;&#xCA4;&#xCA4;&#xCCD;&#xCB5;&#xC97;&#xCB3;&#xCA8;&#xCCD;&#xCA8;&#xCC1; &#xCAE;&#xCC8;&#xC97;&#xCC2;&#xCA1;&#xCBF;&#xCB8;&#xCBF;&#xC95;&#xCCA;&#xCB3;&#xCCD;&#xCB3;&#xCAC;&#xCC7;&#xC95;&#xCC1; &#xCAE;&#xCA4;&#xCCD;&#xCA4;&#xCC1; &#xC85;&#xCA6;&#xCB0;&#xC82;&#xCA4;&#xCC6; &#xCA8;&#xCA1;&#xCC6;&#xCA6;&#xCC1;&#xC95;&#xCCA;&#xCB3;&#xCCD;&#xCB3;&#xCAC;&#xCC7;&#xC95;&#xCC1;. &#xCB8;&#xC82;&#xCB5;&#xCBF;&#xCA7;&#xCBE;&#xCA8;&#xCA6; &#xC86;&#xCB6;&#xCAF;&#xC97;&#xCB3;&#xCA8;&#xCCD;&#xCA8;&#xCC1; &#xCAC;&#xCA6;&#xCC1;&#xC95;&#xCBF;&#xCA8; &#xCB5;&#xCBF;&#xCA7;&#xCBE;&#xCA8;&#xCB5;&#xCA8;&#xCCD;&#xCA8;&#xCBE;&#xC97;&#xCBF;&#xCB8;&#xCBF;&#xC95;&#xCCA;&#xCB3;&#xCCD;&#xCB3;&#xCAC;&#xCC7;&#xC95;&#xCC1;. &#xCB8;&#xC82;&#xCB5;&#xCBF;&#xCA7;&#xCBE;&#xCA8;&#xCA6; &#xCAA;&#xCCD;&#xCB0;&#xCA4;&#xCBF;&#xCAF;&#xCCA;&#xC82;&#xCA6;&#xCC1; &#xC86;&#xCB6;&#xCAF;&#xCB5;&#xCA8;&#xCCD;&#xCA8;&#xCC1; &#xC85;&#xCA8;&#xCC1;&#xCB7;&#xCCD;&#xCA5;&#xCBE;&#xCA8;&#xC97;&#xCCA;&#xCB3;&#xCBF;&#xCB8;&#xCB2;&#xCBF;&#xC95;&#xCCD;&#xC95;&#xCC6; &#xCAA;&#xCCD;&#xCB0;&#xCAF;&#xCA4;&#xCCD;&#xCA8;&#xCBF;&#xCB8;&#xCAC;&#xCC7;&#xC95;&#xCC1;. &#xCB8;&#xC82;&#xCB5;&#xCBF;&#xCA7;&#xCBE;&#xCA8; &#xC8E;&#xCA6;&#xCC1;&#xCB0;&#xCBF;&#xCB8;&#xCC1;&#xCA4;&#xCCD;&#xCA4;&#xCBF;&#xCB0;&#xCC1;&#xCB5; &#xCB8;&#xCB5;&#xCBE;&#xCB2;&#xCC1;&#xC97;&#xCB3;&#xCA8;&#xCCD;&#xCA8;&#xCC1; &#xCB9;&#xCBF;&#xCAE;&#xCCD;&#xCAE;&#xCC6;&#xC9F;&#xCCD;&#xC9F;&#xCBF;&#xCB8;&#xCAC;&#xCC7;&#xC95;&#xCC1;. &#xC88; &#xC95;&#xCC1;&#xCB0;&#xCBF;&#xCA4;&#xC82;&#xCA4;&#xCC6; &#xC87;&#xC82;&#xCA6;&#xCBF;&#xCA8; &#xCAF;&#xCC1;&#xCB5;&#xCAA;&#xCC0;&#xCB3;&#xCBF;&#xC97;&#xCC6; &#xCB9;&#xCBE;&#xC97;&#xCC2; &#xCB5;&#xCBF;&#xCA6;&#xCCD;&#xCAF;&#xCBE;&#xCB0;&#xCCD;&#xCA5;&#xCBF;&#xC97;&#xCB3;&#xCBF;&#xC97;&#xCBE;&#xC97;&#xCBF; &#xCB8;&#xC82;&#xCB5;&#xCBF;&#xCA7;&#xCBE;&#xCA8;&#xCA6; &#xC85;&#xCA7;&#xCCD;&#xCAF;&#xCAF;&#xCA8;&#xC95;&#xCCD;&#xC95;&#xCBE;&#xC97;&#xCBF; &#xC85;&#xCA8;&#xCC1;&#xC95;&#xCC2;&#xCB2;&#xCB5;&#xCBE;&#xC97;&#xCB2;&#xCC6;&#xC82;&#xCA6;&#xCC1; &#xCAC;&#xCB0;&#xCC6;&#xCA6;&#xCBF;&#xCB0;&#xCC1;&#xCB5; &#xCAA;&#xCC1;&#xCB8;&#xCCD;&#xCA4;&#xC95; &#xC87;&#xCA6;&#xCC1;.</subfield>
  </datafield>
  <datafield tag="650" ind1=" " ind2=" ">
    <subfield code="a">Indian Constitution</subfield>
    <subfield code="9">172398</subfield>
  </datafield>
  <datafield tag="650" ind1=" " ind2=" ">
    <subfield code="a">Political Science</subfield>
    <subfield code="9">172399</subfield>
  </datafield>
  <datafield tag="700" ind1=" " ind2=" ">
    <subfield code="a">DAS (H N Nagamohana)  &#xCA6;&#xCBE;&#xCB8;&#xCCD; (&#xC8E;&#xC9A;&#xCCD; &#xC8E;&#xCA8;&#xCCD;  &#xCA8;&#xCBE;&#xC97;&#xCAE;&#xCCB;&#xCB9;&#xCA8;)</subfield>
    <subfield code="9">172400</subfield>
  </datafield>
  <datafield tag="942" ind1=" " ind2=" ">
    <subfield code="2">ddc</subfield>
    <subfield code="c">DB</subfield>
  </datafield>
  <datafield tag="999" ind1=" " ind2=" ">
    <subfield code="c">231365</subfield>
    <subfield code="d">231365</subfield>
  </datafield>
  <datafield tag="952" ind1=" " ind2=" ">
    <subfield code="0">0</subfield>
    <subfield code="1">0</subfield>
    <subfield code="2">ddc</subfield>
    <subfield code="4">0</subfield>
    <subfield code="7">0</subfield>
    <subfield code="8">PS</subfield>
    <subfield code="a">AL</subfield>
    <subfield code="b">AL</subfield>
    <subfield code="d">2024-04-28</subfield>
    <subfield code="g">50.00</subfield>
    <subfield code="l">2</subfield>
    <subfield code="o">321.80954K  NAGS</subfield>
    <subfield code="p">D06063</subfield>
    <subfield code="r">2025-07-07 10:18:09</subfield>
    <subfield code="s">2025-07-05</subfield>
    <subfield code="v">50.00</subfield>
    <subfield code="w">2024-07-03</subfield>
    <subfield code="y">DB</subfield>
  </datafield>
</record>
